01049ntm a22002417a 450000500170000000800410001704000280005808200170008610000260010324501590012926000100028830000400029850001850033859000170052365000440054065300230058465500090060770000290061670000360064594200080068199900170068995201010070620170809115510.0170802s2013 xx a frb 000 0 eng d aEG-ScBUEbengcEG-ScBUE04222a621bSOB1 aSobhy, Michael Karam.10aDesign of a flat plate solar water heater system with a storage facility /cby Michael Karam Sobhy, Abdelhamid Mostafa Ezz, Nour Eldine Ahmed Abdelmaboud. c2013. aix, 70 p. : bill. (col.) ;c28 cm. aDissertation Submitted to the Faculty of Engineering. The British University in Egypt, in Partial Fulfillment of the Requirements for the Bachelor Degree in Mechanical Engineering. aBasant mousa 72BUEshvProjectsaMechanical Engineering bENGMECcAugust2017 vSPRO1 aEzz, Abdelhamid Mostafa.1 aAbdelmaboud, Nour Eldine Ahmed. 2ddc c25174d25147 00102ddc4070aMAINbMAINc2NDd2017-08-07l0o621 SOBp000046346r2025-07-15 00:00:00yPROJST